| 000 | 01141nmm a2200313 a 4500 | ||
|---|---|---|---|
| 001 | ocm0001411789 | ||
| 003 | TR-IsHL | ||
| 005 | 20201028165002.0 | ||
| 008 | 160220s2014 tu tur | ||
| 007 | cr cn | ||
| 020 | _a9786054977093 | ||
| 035 |
_a1411789 _b(N$T) |
||
| 050 | 0 | 4 |
_aHC491.5.U45 _bI77 2014 |
| 090 | 0 | 4 |
_aHC491.5.U45 _bI77 2014 |
| 100 | 1 | _aIsdell, Neville | |
| 245 | 1 | 0 |
_aCoca-cola'da ceo olmak: Dünyanın en popüler markasını inşa eden Ceo'nun hayat hikayesi _h[electronic resource] / _cNeville Isdell ; David Beasley ; çeviren Doğan Selçuk |
| 260 |
_aİstanbul : _bİlgi Kültür Sanat yayıncılık, _c2014 |
||
| 300 | _a247 p. | ||
| 650 | 4 | _aİşletme ve Yönetim | |
| 650 | 4 | _aBusiness and Management | |
| 650 | 0 |
_aŞef yöneticiler _x Biyografi |
|
| 650 | 0 |
_aChief executive officers _x Biography |
|
| 650 | 0 | _aCoca-Cola Şirketi | |
| 650 | 0 | _aCoca-Cola Company | |
| 650 | 7 |
_aBIOGRAPHY & AUTOBIOGRAPHY / Business _2bisacsh |
|
| 700 | 1 | _aBeasley, David | |
| 700 | 1 | _aSelçuk, Doğan | |
| 856 | 4 | 0 | _uhttp://search.ebscohost.com/login.aspx?direct=true&scope=site&db=e011xww&AN=1411789 |
| 999 |
_c15757 _d15757 |
||